| 000 | 00812nam a2200229 i 4500 | ||
|---|---|---|---|
| 001 | bg | ||
| 100 | 1 | _aSŁYSZ, Krzysztof | |
| 245 | 1 | 0 |
_aZarządzanie i sterowanie środowiskiem : _bpodręcznik dla studentów wyższych szkół technicznych / _cKrzysztof Słysz ; Politechnika Krakowska im. Tadeusza Kościuszki. |
| 260 |
_aKraków : _bPK, _c2000. |
||
| 300 |
_a180 s. : _brys. ; _c24 cm. |
||
| 504 | _aBibliogr., wykaz aktów prawnych s. 176-180. | ||
| 650 | 9 |
_aŚrodowisko człowieka _xhigiena i ochrona _xzarządzanie |
|
| 655 | _aPodręczniki akademickie | ||
| 710 | 0 | _aPolitechnika Krakowska im. Tadeusza Kościuszki | |
| 020 | _a837242117X | ||
| 040 | _cBPK | ||
| 041 | 0 | _apl | |
| 080 | _a504:65.012](075.8) | ||
| 920 | _a83-7242-117-X | ||
| 942 | _cKS | ||
| 008 | s pl f |000 0 pol | ||
| 999 |
_c38859 _d38859 |
||
| 856 |
_uhttp://koha.tu.koszalin.pl/cgi-bin/koha/opac-detail.pl?biblionumber=38859 _yKatalog online BPK |
||